Lenten Meditations 2018: An Uprooted World: Responding to Displaced Persons (Record no. 21010)
[ view plain ]
| 000 -LEADER | |
|---|---|
| fixed length control field | 00387nam a22001337a 4500 |
| 082 ## - DEWEY DECIMAL CLASSIFICATION NUMBER | |
| Classification number | 242 SAT |
| 100 ## - MAIN ENTRY--AUTHOR NAME | |
| Author name | St. Andrew's Theological College |
| 245 ## - TITLE STATEMENT | |
| Title | Lenten Meditations 2018: An Uprooted World: Responding to Displaced Persons |
| 260 ## - PUBLICATION, DISTRIBUTION, ETC. (IMPRINT) | |
| Place of publication | Trinidad |
| Name of publisher | St. Andrew's Theological College |
| Year of publication | 2018 |
| 300 ## - PHYSICAL DESCRIPTION | |
| Number of Pages | 71 |
| 650 ## - SUBJECT ADDED ENTRY--TOPICAL TERM | |
| Topical Term | Meditation-Christianity |
| 942 ## - ADDED ENTRY ELEMENTS (KOHA) | |
| Koha item type | Books |
| Home library | Current library | Shelving location | Date acquired | Source of acquisition | Full call number | Accession Number | Koha item type |
|---|---|---|---|---|---|---|---|
| Henry Martyn Institute Library | Henry Martyn Institute Library | General stacks | 05/11/2018 | Student of St. Andrew's Theological College | 242 SAT | 11003671 | Books |
